000 00364nam a2200145 4500
999 _c507865
_d507865
008 190227b ||||| |||| 00| 0 eng d
100 _aSingh, Amita
_92664
245 _aCritical pedagogy of disaster research
260 _c2018
300 _ap.33-46.
650 _aDisasters - Research
_92665
773 _aDialogue
906 _aDisasters
942 _2ddc
_cAR